000 00472nam a2200169Ia 4500
005 20250320144546.0
008 231217s9999 xx 000 0 und d
020 _a9788131412985
082 _a658.042 ARU;1 R
100 _aArunsimha, Anitha ed.
245 0 _aIndustry academia interface : perspectives and practices
250 _a1st ed.
260 _c2008
_bIcfai university press
_aHyderabad
300 _aix, 279
650 _aacademia,practices
942 _cAA
999 _c185273
_d185273